00445 2200181 4500001002100000005001500021008004100036020001900077035001900096041000700115082001000122090001600132100001800148245002400166260003100190300002200221650002000243INLIS00000000001594720241224115030241224||||||||| | ||| |||| || |  a979-3288-04-03 0010-1224015947 aid0 a611.8 a611.8 SID i0 aSidarta Ilyas00aILMU PERAWATAN MATA aJakartabSagung Setoc2004 aix,218hlm;15x22cm 0aIlmu Kedokteran